Longs Métrages d'animation par extraits en 20 clics #3 - Statistiques

Statistiques générales
  • Ce quiz a été pris 133 fois
  • Le résultat moyen est 17 sur 20
Statistiques - réponses
Hint Réponse % Correct
Blanche-Neige et les Sept Nains
98%
Toy Story
98%
Alice au pays des merveilles
97%
Le Livre de la jungle
96%
Le Retour de Jafar
96%
Madagascar
96%
My Little Pony
95%
Félix le chat, le film
94%
Les Noces funèbres
93%
Le Triomphe de Babar
92%
Gang de requins
91%
Douce et Criquet s'aimaient d'amour tendre
89%
La Bande à Picsou, le film : Le Trésor de la lampe perdue
87%
C'est Yogi l'ours
82%
Les Aventures des Chipmunks
80%
Robin des Bois
80%
Balto
74%
Taram et le Chaudron magique
71%
Le Voleur et le Cordonnier
69%
Jeannot l'intrépide
68%
Aucun quiz correspondant
Distribution des résultats
% des personnes avec chaque résultat
Percentile par nombre de réponses
Votre historique - résultats
Vous n’avez pas pris ce quiz